Symmetry /
Guardado en:
| Autor Principal: | |
|---|---|
| Formato: | Libro |
| Idioma: | English |
| Publicado: |
Princeton, N.J. :
Princeton University Press,
1989, c1952.
|
| Series: | Princeton science library
|
| Etiquetas: |
Agregar Etiqueta
Sin Etiquetas, Sea el primero en etiquetar este registro!
|
| LEADER | 00890nam a22002295a 4500 | ||
|---|---|---|---|
| 001 | MAT.inmabb003512 | ||
| 008 | 051221r19891952njua#####b####001#0#eng#d | ||
| 005 | 20170608145924.0 | ||
| 245 | 1 | 0 | |a Symmetry / |c by Hermann Weyl. |
| 260 | |a Princeton, N.J. : |b Princeton University Press, |c 1989, c1952. | ||
| 300 | |a 168 p. : |b il. ; |c 22 cm. | ||
| 440 | 0 | |a Princeton science library | |
| 500 | |a Publicado originalmente en 1952. | ||
| 504 | |a "Preface and bibliographical remarks": 5ª y 6ª págs. prelim. | ||
| 505 | 0 | |a Bilateral symmetry -- Translatory, rotational, and related symmetries -- Ornamental symmetry -- Crystals. The general mathematical idea of symmetry. | |
| 510 | 4 | |a MR, |c 92b:01085 | |
| 020 | |a 0691023743 | ||
| 020 | |a 0691080453 | ||
| 100 | 1 | |a Weyl, Hermann, |d 1885-1955. | |
| 084 | |a 00A05 (00A69) |2 MR | ||
| 084 | |a 01A75 (00A05 00A69) |2 MR | ||
| 859 | |h 00A05 |i W548 |p A-6807 |b BIB. MATEMATICA | ||
